<?xml version="1.0" encoding="UTF-8"?><?xml-stylesheet type="text/xsl" href="static/style.xsl"?><OAI-PMH xmlns="http://www.openarchives.org/OAI/2.0/" xmlns:xsi="http://www.w3.org/2001/XMLSchema-instance" xsi:schemaLocation="http://www.openarchives.org/OAI/2.0/ http://www.openarchives.org/OAI/2.0/OAI-PMH.xsd"><responseDate>2026-04-14T04:02:44Z</responseDate><request verb="GetRecord" identifier="oai:www.recercat.cat:2117/445225" metadataPrefix="marc">https://recercat.cat/oai/request</request><GetRecord><record><header><identifier>oai:recercat.cat:2117/445225</identifier><datestamp>2025-11-08T04:14:31Z</datestamp><setSpec>com_2072_1033</setSpec><setSpec>col_2072_452951</setSpec></header><metadata><record xmlns="http://www.loc.gov/MARC21/slim" xmlns:dcterms="http://purl.org/dc/terms/" xmlns:xsi="http://www.w3.org/2001/XMLSchema-instance" xmlns:doc="http://www.lyncode.com/xoai" xsi:schemaLocation="http://www.loc.gov/MARC21/slim http://www.loc.gov/standards/marcxml/schema/MARC21slim.xsd">
   <leader>00925njm 22002777a 4500</leader>
   <datafield ind2=" " ind1=" " tag="042">
      <subfield code="a">dc</subfield>
   </datafield>
   <datafield ind2=" " ind1=" " tag="720">
      <subfield code="a">Gutiérrez Salazar, Sergio Luis</subfield>
      <subfield code="e">author</subfield>
   </datafield>
   <datafield ind2=" " ind1=" " tag="260">
      <subfield code="c">2025-09-22</subfield>
   </datafield>
   <datafield ind2=" " ind1=" " tag="520">
      <subfield code="a">Este trabajo trata sobre el diseño de una infraestructura de recarga de vehículos eléctricos pa- ra dos aparcamientos privados, mediante una instalación de potencia y control para solventar la problemática actual de un organismo público al carecer de una ubicación para tal fin. Para alcanzar dicho objetivo se realizan cálculos eléctricos de diseño, se estudia la normativa de apli- cación vigente sobre instalaciones eléctricas y las instrucciones técnicas complementarias que aplican con tal de legalizar el proyecto una vez se lleve a cabo y se trazan planos de distribución y esquemas unifilares. La realización de la instalación concluye en la recarga diaria de la flota de vehículos eléctricos del organismo público de una manera eficiente gracias al gestor dinámico de cargas, ya que este permite la configuración de los puntos de recarga de tal manera que tengan posibilidad de recarga a distintas potencias, prioridad respecto a otros vehículos, recarga solamente en periodo valle de la tarifa eléctrica, etc. Este proyecto demuestra la viabilidad técnica de una instalación de varios puntos de recarga en un aparcamiento privado mediante un gestor dinámico de cargas.</subfield>
   </datafield>
   <datafield ind2=" " ind1=" " tag="520">
      <subfield code="a">Objectius de Desenvolupament Sostenible::11 - Ciutats i Comunitats Sostenibles</subfield>
   </datafield>
   <datafield ind1="8" ind2=" " tag="024">
      <subfield code="a">http://hdl.handle.net/2117/445225</subfield>
   </datafield>
   <datafield tag="653" ind2=" " ind1=" ">
      <subfield code="a">Àrees temàtiques de la UPC::Enginyeria elèctrica</subfield>
   </datafield>
   <datafield tag="653" ind2=" " ind1=" ">
      <subfield code="a">Electric vehicles--Power supply</subfield>
   </datafield>
   <datafield tag="653" ind2=" " ind1=" ">
      <subfield code="a">Vehicles elèctrics--Fonts d'alimentació</subfield>
   </datafield>
   <datafield ind2="0" ind1="0" tag="245">
      <subfield code="a">Instalación eléctrica de baja tensión para la alimentación de puntos de recarga para vehículos eléctricos</subfield>
   </datafield>
</record></metadata></record></GetRecord></OAI-PMH>